[Event "Montreal Specialiste"]
[Site "Montreal"]
[Date "1982.03.21"]
[Round "4"]
[White "Caron, Gaetan"]
[Black "Morin, Louis"]
[Result "1/2-1/2"]
[WhiteElo "1509"]
[BlackElo "1863"]
[PlyCount "96"]
[EventDate "1982.03.19"]
[EventType "swiss"]
[EventRounds "5"]
[EventCountry "CAN"]
[SourceTitle "EXT 2022"]
[Source "ChessBase"]
[SourceDate "2021.10.06"]
[SourceVersion "1"]
[SourceVersionDate "2021.10.06"]
[SourceQuality "1"]

1. c4 e6 2. Nc3 Nf6 3. g3 d5 4. d4 Bd7 5. Bg2 Bc6 6. c5 a5 7. Nf3 Nfd7 8. Be3 Na6 9. Bf4 f6 10. 0-0 g5 11. Be3 h5 12. h4 g4 13. Ne1 b6 14. cxb6 cxb6 15. Rc1 Ndb8 16. Qb3 b5 17. a3 Qd7 18. Nd3 b4 19. axb4 axb4 20. Nb1 Ba4 21. Qa2 b3 22. Qa1 Nb4 23. Nxb4 Bxb4 24. Nc3 Bc6 25. Qb1 Qh7 26. Qxh7 Rxh7 27. Bd2 Bd6 28. Rfd1 Rha7 29. e4 Bd7 30. exd5 e5 31. dxe5 Bxe5 32. Re1 Na6 33. Bf4 Nb4 34. Bxe5 fxe5 35. Rxe5+ Kf7 36. Re2 Nd3 37. Rd1 Ra1 38. Red2 Ne1 39. Rxa1 Rxa1 40. Rd1 Rxd1 41. Nxd1 Bf5 42. d6 Ke6 43. d7 Kxd7 44. Bd5 Be6 45. Bxe6+ Kxe6 46. Kf1 Nf3 47. Ke2 Kd5 48. Kd3 Ke5 1/2-1/2